| 000 | 01317 a2200349 4500 | ||
|---|---|---|---|
| 001 | 45776 | ||
| 005 | 20260407155729.0 | ||
| 008 | 260407a1992 arg spa d | ||
| 003 | AR-UNSa-BCEJYS | ||
| 040 |
_aAR-UNSa-BCEJYS _bspa _cAR-UNSa-BCEJYS |
||
| 080 |
_a338.124 _xRetroceso de la actividad económica. Contracción económica (Pobreza...) |
||
| 245 | 1 | 0 |
_aCuesta abajo _plos nuevos pobres: efectos de la crisis en la sociedad argentina |
| 020 | _a950-03-8346-2 | ||
| 264 | 1 |
_aBuenos Aires : _bUNICEF _c1992 |
|
| 300 |
_a300 p. _c20 cm. |
||
| 505 | _a1. Transformaciones en la estructura social Argentina - 2. El Estado ante la crisis o la crisis del Estado - 3. Conductas para amortiguar la caída - 4. La conceptualización de la pobreza. | ||
| 041 | _aspa | ||
| 942 | _cBK | ||
| 590 | _aniveau_biblio:m niveau_hierar:0 | ||
| 100 | 1 | _aBeccaria, Luis A. | |
| 700 | 1 | _aMinujin, Alberto | |
| 700 | 1 | _aBustelo, Eduardo S. | |
| 700 | 1 | _aFeijoó, María del Carmen | |
| 700 | 1 | _aFeldman, Silvio | |
| 700 | 1 | _aGershanik, Alicia | |
| 700 | 1 | _aGonzález, Horacio | |
| 700 | 1 | _aHalperin, Jorge | |
| 700 | 1 | _aKarol, Jorge L. | |
| 700 | 1 | _aMurmis, Miguel | |
| 700 | 1 | _aTenti Fanfani, Emilio | |
| 856 | 4 | 1 |
_uhttps://www.biblioeco.unsa.edu.ar/pmb/images/libros/L127180.jpg _yImagen de portada _qimage/jpeg |
| 999 |
_c3996 _d3996 |
||